| 000 | 00000nam##2200000za#4500 |
| 001 | 9.625806 |
| 003 | CaOODSP |
| 005 | 20200327184243 |
| 007 | ta |
| 008 | 150406|2001||||xxc||||| f|0| 0 fre|d |
| 040 | |aCaOODSP|bfre |
| 043 | |an-cn--- |
| 086 | 1 |aFs97-6/2369F |
| 110 | 1 |aCanada. |bMinistère des pêches et des océans. |
| 245 | 10|aImpact de différentes mesures de gestion de la pêche au homard (Homarus americanus) sur la production d'oeufs par recrue / |cpar Louise Gendron et Pierre Gagnon. |
| 260 | |aOttawa - Ontario : |bPêches et Océans Canada |c2001. |
| 300 | |avii, 31p. : |bgraphiques, références, tableaux ; |c28 cm. |
| 490 | 1 |aRapport technique canadien des sciences halieutiques et aquatiques|v2369 |
| 500 | |a«Dans ce document, nous présentons une description du modèle ainsi que les résultats des calculs de POR réalisés selon différents scénarios de gestion appliqués aux pêches des Îles-de-la-Madeleine et de la Gaspésie.»--Introduction. Préparé par la Direction régionale des sciences, Ministères des Pêches et des Océans, Institut Maurice-Lamontagne, C.P. 1000, 850, route de la Mer, Mont-Joli (Québec) G5H 3Z4. |
| 520 | 3 |aDans ce document, nous présentons une description du modèle ainsi que les résultats des calculs de POR réalisés selon différents scénarios de gestion appliqués aux pêches des Îles-de-la-Madeleine et de la Gaspésie.--Introduction |
| 546 | |aAbstracts in English |
| 590 | |a01-39|b2001-09-28 |
| 691 | 07|aCrustacé|2gcpds |
| 691 | 07|aContamination|2gcpds |
| 691 | 07|aProduit toxique|2gcpds |
| 720 | 1 |aJohannessen, D.I. |
| 720 | 1 |aGagnon, Pierre |
| 776 | 0#|tImpact de différentes mesures de gestion de la pêche au homard (Homarus americanus) sur la production d'oeufs par recrue / |w(CaOODSP)9.604039 |
| 830 | #0|aRapport technique canadien des sciences halieutiques et aquatiques ;|v2369|w(CaOODSP)9.513051 |